000
00222nam a22001097a 4500
003
OSt
008
241205b |||||||| |||| 00| 0 eng d
041
_a
eng
100
_a
Uroob
_9
4296
245
_a
Mughammoodikal
942
_c
BK
999
_c
18276
_d
18276